|
|
|
|
| LEADER |
00000cam a2200000 i 4500 |
| 001 |
1/37182 |
| 008 |
131015s2006 gr | ||| |||| ||gre|| |
| 020 |
|
|
|a 9604180932
|
| 035 |
|
|
|l 10115788
|
| 040 |
|
|
|a GR-MY-UA
|b gre
|e aacr
|
| 041 |
0 |
|
|a gre
|
| 082 |
0 |
|
|a 621.38224
|2 (22)
|
| 100 |
1 |
|
|a Καψάλης, Χρήστος Ν.,
|d 1956-
|
| 245 |
1 |
0 |
|a Εισαγωγή στην ηλεκτρομαγνητική συμβατότητα /
|c Χρήστος Ν. Καψάλης, Παναγιώτης Θ. Τρακάδας
|
| 246 |
3 |
4 |
|a Ηλεκτρομαγνητική συμβατότητα (EMC)
|
| 260 |
|
|
|a Θεσσαλονίκη :
|b Τζιόλας,
|c c2006
|
| 300 |
|
|
|a 360 σ.;
|b σχέδια;
|c 25 εκ.
|
| 504 |
|
|
|a Περιέχει βιβλιογραφικές αναφορές και ευρετήρια
|
| 650 |
0 |
0 |
|a Electromagnetic compatibility.
|
| 650 |
0 |
0 |
|a Electronic apparatus and appliances
|x Design and construction.
|
| 700 |
1 |
|
|a Τρακάδας, Παναγιώτης Θ.
|
| 852 |
|
|
|a INST
|b SAMOS
|e 20131015
|h 621.38224 ΚΑΨ
|p 005300040672
|q 005300040672
|t BK
|y 0
|
| 901 |
|
|
|a BIBL3-2013-3
|
| 909 |
|
|
|a Σ
|b 179312
|
| 922 |
|
|
|a 3ΕΛΗ
|b 201306
|c ΤΜΠΕΣ
|d BEST BOOK HUNTERS
|
| 970 |
|
|
|a ΚΟΣΙΕΡΗΣ
|b ΧΡΗΣΤΟΣ
|z 2013/10/15
|